[Event "Bundesliga 9798"]
[Site "Deutschland"]
[Date "1997.??.??"]
[Round "?.2"]
[White "Krasenkow, Michal"]
[Black "Muse, Mladen"]
[Result "1-0"]
[WhiteElo "2645"]
[BlackElo "2460"]
[PlyCount "62"]
[EventDate "1997.10.??"]
[EventType "team"]
[EventRounds "15"]
[EventCountry "GER"]
[SourceTitle "Bundesliga 9798"]
[Source "DeepChess"]
[SourceDate "2005.01.01"]
[SourceVersion "1"]
[SourceVersionDate "2005.01.01"]
[SourceQuality "1"]
[WhiteTeam "SG Bochum 31"]
[BlackTeam "SV Empor Berlin e.V."]
[WhiteTeamCountry "GER"]
[BlackTeamCountry "GER"]

1. d4 Nf6 2. c4 g6 3. Nc3 Bg7 4. e4 d6 5. Nf3 O-O 6. h3 Nbd7 7. Bg5 a6 8. Nd2
c6 9. Be2 b5 10. O-O e5 11. d5 b4 12. dxc6 bxc3 13. cxd7 Qxd7 14. bxc3 Bb7 15.
Qc2 Qc6 16. Rab1 Nd7 17. Bf3 a5 18. Rfd1 Ba6 19. Be2 Rfe8 20. Be3 Bf8 21. Rb2
Reb8 22. Rxb8 Rxb8 23. Nb3 Qc7 24. c5 Bxe2 25. Qxe2 a4 26. cxd6 Bxd6 27. Na5
Bf8 28. Nc4 Rc8 29. Rxd7 Qxc4 30. Qc2 a3 31. Bg5 Rb8 $138 1-0

[Event "Bundesliga 9798"]
[Site "Deutschland"]
[Date "1997.??.??"]
[Round "?.3"]
[White "Poldauf, Dirk"]
[Black "Keitlinghaus, Ludger"]
[Result "1/2-1/2"]
[WhiteElo "2455"]
[BlackElo "2525"]
[PlyCount "54"]
[EventDate "1997.10.??"]
[EventType "team"]
[EventRounds "15"]
[EventCountry "GER"]
[SourceTitle "Bundesliga 9798"]
[Source "DeepChess"]
[SourceDate "2005.01.01"]
[SourceVersion "1"]
[SourceVersionDate "2005.01.01"]
[SourceQuality "1"]
[WhiteTeam "SV Empor Berlin e.V."]
[BlackTeam "SG Bochum 31"]
[WhiteTeamCountry "GER"]
[BlackTeamCountry "GER"]

1. c4 e5 2. Nc3 Nf6 3. Nf3 Nc6 4. g3 Bb4 5. Bg2 O-O 6. O-O d6 7. Nd5 Ba5 8. d4
Nxd5 9. cxd5 Nxd4 10. Nxd4 exd4 11. Qxd4 Bb6 12. Qc3 Bg4 13. e4 Qd7 14. b3 Bh3
15. Bb2 f6 16. Kh1 Rae8 17. Rae1 Rf7 18. f3 h5 19. Qd2 Rfe7 20. Qf4 Bxg2+ 21.
Kxg2 f5 22. Bc3 fxe4 23. fxe4 Rf7 24. Qxf7+ Qxf7 25. Rxf7 Kxf7 26. Kf3 Kg6 27.
Re2 Rf8+ 1/2-1/2

[Event "Bundesliga 9798"]
[Site "Deutschland"]
[Date "1997.??.??"]
[Round "?.4"]
[White "Reschke, Stefan"]
[Black "Volke, Karsten"]
[Result "0-1"]
[WhiteElo "2415"]
[BlackElo "2455"]
[PlyCount "92"]
[EventDate "1997.10.??"]
[EventType "team"]
[EventRounds "15"]
[EventCountry "GER"]
[SourceTitle "Bundesliga 9798"]
[Source "DeepChess"]
[SourceDate "2005.01.01"]
[SourceVersion "1"]
[SourceVersionDate "2005.01.01"]
[SourceQuality "1"]
[WhiteTeam "SG Bochum 31"]
[BlackTeam "SV Empor Berlin e.V."]
[WhiteTeamCountry "GER"]
[BlackTeamCountry "GER"]

1. d4 Nf6 2. c4 g6 3. g3 Bg7 4. Bg2 O-O 5. Nc3 d6 6. Nf3 c6 7. O-O Qa5 8. h3
Be6 9. Qd3 Qa6 10. b3 d5 11. Ne5 Rd8 12. e4 dxc4 13. Nxc4 Bxc4 14. bxc4 Nfd7
15. Rd1 Nc5 16. Qe3 Na4 17. c5 Nxc5 18. Rb1 Na4 19. Ba3 e6 20. Bf1 b5 21. Nxb5
cxb5 22. Bxb5 Qa5 23. Be7 Rc8 24. Qa3 Nc6 25. Bxc6 Rxc6 26. Rb4 Ra6 27. d5 Nc3
28. Qb3 Rb6 29. Rd3 Ne2+ 30. Kf1 Nc1 31. Qa3 Qxa3 32. Rxa3 Rxb4 33. Bxb4 exd5
34. exd5 Bb2 35. Ra5 Bd4 36. Be7 f6 37. Ra4 Bb6 38. Bxf6 Rf8 39. Bd4 Bxd4 40.
Rxd4 Nxa2 41. Ra4 Nc3 42. Rxa7 Ne4 43. Ke2 Nxf2 44. h4 Ne4 45. Ra3 Rd8 46. Kf3
Nf6 0-1

[Event "Bundesliga 9798"]
[Site "Deutschland"]
[Date "1997.??.??"]
[Round "?.5"]
[White "Hetey, Laszlo"]
[Black "Schmittdiel, Eckhard"]
[Result "0-1"]
[WhiteElo "2345"]
[BlackElo "2450"]
[PlyCount "76"]
[EventDate "1997.10.??"]
[EventType "team"]
[EventRounds "15"]
[EventCountry "GER"]
[SourceTitle "Bundesliga 9798"]
[Source "DeepChess"]
[SourceDate "2005.01.01"]
[SourceVersion "1"]
[SourceVersionDate "2005.01.01"]
[SourceQuality "1"]
[WhiteTeam "SV Empor Berlin e.V."]
[BlackTeam "SG Bochum 31"]
[WhiteTeamCountry "GER"]
[BlackTeamCountry "GER"]

1. e4 c5 2. c3 e6 3. d4 d5 4. exd5 exd5 5. Nf3 Nc6 6. Be2 Bd6 7. dxc5 Bxc5 8.
Nbd2 Nf6 9. Nb3 Bd6 10. O-O O-O 11. Bg5 Re8 12. Nbd4 h6 13. Be3 Bc7 14. Qd3 Ng4
15. Nc2 Nxe3 16. Nxe3 Be6 17. Rfe1 Qd7 18. Nc2 Bf5 19. Qd2 Qd6 20. Ncd4 Nxd4
21. Qxd4 Re4 22. Qd2 Bg4 23. g3 Rae8 24. Nd4 Qe7 25. f3 Bxf3 26. Kf2 Bxe2 27.
Rxe2 Bb6 28. Rxe4 Qxe4 29. Rc1 Re6 30. Kg1 h5 31. Rf1 h4 32. Rf4 Qe1+ 33. Qxe1
Rxe1+ 34. Kf2 Rb1 35. Rxh4 Rxb2+ 36. Kf3 Rxa2 37. Nf5 Rf2+ 38. Kg4 Bd8 0-1

[Event "Bundesliga 9798"]
[Site "Deutschland"]
[Date "1997.??.??"]
[Round "?.6"]
[White "Bosch, Jeroen"]
[Black "Thinius, Marco"]
[Result "1/2-1/2"]
[WhiteElo "2405"]
[BlackElo "2310"]
[PlyCount "47"]
[EventDate "1997.10.??"]
[EventType "team"]
[EventRounds "15"]
[EventCountry "GER"]
[SourceTitle "Bundesliga 9798"]
[Source "DeepChess"]
[SourceDate "2005.01.01"]
[SourceVersion "1"]
[SourceVersionDate "2005.01.01"]
[SourceQuality "1"]
[WhiteTeam "SG Bochum 31"]
[BlackTeam "SV Empor Berlin e.V."]
[WhiteTeamCountry "GER"]
[BlackTeamCountry "GER"]

1. e4 e5 2. Nf3 Nc6 3. Bb5 a6 4. Bxc6 dxc6 5. O-O Bd6 6. d4 exd4 7. Qxd4 f6 8.
Nbd2 Be6 9. Qc3 Ne7 10. Nc4 O-O 11. Nd4 Bf7 12. Be3 Qd7 13. Rad1 Rad8 14. h3 f5
15. Nxd6 cxd6 16. Nxf5 Nxf5 17. exf5 Qxf5 18. Bd4 Qg6 19. Bb6 Rde8 20. Rd3 Re5
21. Rg3 Rg5 22. Rxg5 Qxg5 23. f4 Qh6 24. Be3 1/2-1/2

[Event "Bundesliga 9798"]
[Site "Deutschland"]
[Date "1997.??.??"]
[Round "?.7"]
[White "Richter, Michael"]
[Black "Ellers, Holger"]
[Result "1/2-1/2"]
[WhiteElo "2370"]
[BlackElo "2405"]
[PlyCount "81"]
[EventDate "1997.10.??"]
[EventType "team"]
[EventRounds "15"]
[EventCountry "GER"]
[SourceTitle "Bundesliga 9798"]
[Source "DeepChess"]
[SourceDate "2005.01.01"]
[SourceVersion "1"]
[SourceVersionDate "2005.01.01"]
[SourceQuality "1"]
[WhiteTeam "SV Empor Berlin e.V."]
[BlackTeam "SG Bochum 31"]
[WhiteTeamCountry "GER"]
[BlackTeamCountry "GER"]

1. d4 e6 2. Nf3 Nf6 3. e3 c5 4. Bd3 cxd4 5. exd4 b6 6. Qe2 Bb7 7. O-O Be7 8. c4
O-O 9. b3 d5 10. Nbd2 Nc6 11. Bb2 Nb4 12. Bb1 Rc8 13. Ne5 dxc4 14. bxc4 Nc6 15.
Ndf3 Nxe5 16. dxe5 Nd7 17. Rd1 g6 18. Nd4 Bc5 19. Nb5 a6 20. Nd6 Bxd6 21. exd6
Rc5 22. Bd4 Rg5 23. Be4 Bxe4 24. Qxe4 Qa8 25. Qxa8 Rxa8 26. Rab1 Rc8 27. f4 Rf5
28. Be5 Nxe5 29. fxe5 Rxe5 30. Rxb6 Rec5 31. Rdb1 Kf8 32. Rxa6 Rxc4 33. h3 Rd4
34. Rb7 Rd8 35. Raa7 Rf4 36. g3 Rf5 37. g4 Rf4 38. g5 Rf5 39. h4 Rxd6 40. Rb8+
Kg7 41. Raa8 1/2-1/2

[Event "Bundesliga 9798"]
[Site "Deutschland"]
[Date "1997.??.??"]
[Round "?.8"]
[White "Ankerst, Mihael"]
[Black "Deev, Andrei"]
[Result "1/2-1/2"]
[WhiteElo "2350"]
[BlackElo "2400"]
[PlyCount "137"]
[EventDate "1997.10.??"]
[EventType "team"]
[EventRounds "15"]
[EventCountry "GER"]
[SourceTitle "Bundesliga 9798"]
[Source "DeepChess"]
[SourceDate "2005.01.01"]
[SourceVersion "1"]
[SourceVersionDate "2005.01.01"]
[SourceQuality "1"]
[WhiteTeam "SG Bochum 31"]
[BlackTeam "SV Empor Berlin e.V."]
[WhiteTeamCountry "GER"]
[BlackTeamCountry "GER"]

1. e4 d5 2. exd5 Qxd5 3. Nc3 Qa5 4. d4 Nf6 5. Nf3 Bg4 6. h3 Bh5 7. g4 Bg6 8.
Ne5 e6 9. h4 Nbd7 10. Nc4 Qa6 11. h5 Be4 12. Nd2 Qa5 13. Ncxe4 Nxe4 14. Qf3 Nd6
15. c3 Nf6 16. Nb3 Qd5 17. Bg2 Be7 18. h6 g5 19. Be3 Qxf3 20. Bxf3 Nd5 21.
O-O-O Nc4 22. Rde1 c6 23. Kc2 Ncxe3+ 24. fxe3 Bd6 25. Nd2 Kd7 26. Ne4 Be7 27.
c4 Nb4+ 28. Kb3 a5 29. a3 a4+ 30. Kc3 Na6 31. Rhf1 Rab8 32. Be2 Rhf8 33. Nf6+
Bxf6 34. Rxf6 b5 35. Ref1 Ke7 36. cxb5 cxb5 37. Kd2 Nc7 38. e4 b4 39. Bd3 bxa3
40. bxa3 Rb3 41. R6f2 Rxa3 42. Rc1 Ra2+ 43. Ke3 Rxf2 44. Kxf2 Kd7 45. Ra1 Ra8
46. e5 a3 47. Be4 Nd5 48. Bxh7 Rh8 49. Be4 Nc3 50. Bd3 Rxh6 51. Rxa3 Nd5 52.
Be4 Nf4 53. Bf3 Ke7 54. Ra7+ Kf8 55. Ra5 Rh2+ 56. Ke3 Rh3 57. Kf2 Rh2+ 58. Ke3
Rh3 59. Kf2 Kg7 60. Ra1 Rh2+ 61. Ke3 Rb2 62. Ra3 Rb1 63. Rc3 Ng6 64. Ra3 Nh4
65. Kf2 Rb4 66. Rd3 Ra4 67. Be4 Ra2+ 68. Ke3 Ra1 69. Kf2 1/2-1/2

[Event "Bundesliga 9798"]
[Site "Deutschland"]
[Date "1998.??.??"]
[Round "?.3"]
[White "Keitlinghaus, Ludger"]
[Black "Casper, Thomas"]
[Result "1/2-1/2"]
[WhiteElo "2525"]
[BlackElo "2415"]
[PlyCount "53"]
[EventDate "1997.10.??"]
[EventType "team"]
[EventRounds "15"]
[EventCountry "GER"]
[SourceTitle "Bundesliga 9798"]
[Source "DeepChess"]
[SourceDate "2005.01.01"]
[SourceVersion "1"]
[SourceVersionDate "2005.01.01"]
[SourceQuality "1"]
[WhiteTeam "SG Bochum 31"]
[BlackTeam "SV Erfurt West 90"]
[WhiteTeamCountry "GER"]
[BlackTeamCountry "GER"]

1. e4 e6 2. d4 d5 3. e5 c5 4. c3 Nc6 5. Nf3 Qb6 6. a3 c4 7. Be2 f6 8. O-O fxe5
9. Nxe5 Nxe5 10. dxe5 Bc5 11. Bh5+ g6 12. Bf3 Ne7 13. Nd2 O-O 14. b4 cxb3 15.
Nxb3 Nc6 16. Nxc5 Qxc5 17. Be3 Qxc3 18. Rc1 Qxe5 19. Re1 Qf6 20. Bh6 Rf7 21.
Bxd5 Bd7 22. Bc4 Qxf2+ 23. Kh1 Qh4 24. Qd2 Re8 25. h3 Qd4 26. Qg5 Rf5 27. Qg3
1/2-1/2

[Event "Bundesliga 9798"]
[Site "Deutschland"]
[Date "1998.??.??"]
[Round "?.4"]
[White "Kuczynski, Robert"]
[Black "Schmittdiel, Eckhard"]
[Result "1-0"]
[WhiteElo "2495"]
[BlackElo "2450"]
[PlyCount "95"]
[EventDate "1997.10.??"]
[EventType "team"]
[EventRounds "15"]
[EventCountry "GER"]
[SourceTitle "Bundesliga 9798"]
[Source "DeepChess"]
[SourceDate "2005.01.01"]
[SourceVersion "1"]
[SourceVersionDate "2005.01.01"]
[SourceQuality "1"]
[WhiteTeam "SV Erfurt West 90"]
[BlackTeam "SG Bochum 31"]
[WhiteTeamCountry "GER"]
[BlackTeamCountry "GER"]

1. e4 c5 2. Nf3 Nc6 3. Bb5 g6 4. Bxc6 dxc6 5. d3 Bg7 6. h3 Nf6 7. Nc3 O-O 8.
Be3 b6 9. Qd2 Re8 10. Bh6 e5 11. O-O-O Qe7 12. g4 Qf8 13. Bxg7 Qxg7 14. Nh2 Nd7
15. f4 exf4 16. Qxf4 Ne5 17. Rhf1 Be6 18. Nf3 Nxf3 19. Rxf3 Rac8 20. g5 Re7 21.
Qg3 h6 22. h4 hxg5 23. hxg5 Kf8 24. Rh1 Ke8 25. Rf6 Kd7 26. Ne2 Rh8 27. Rhf1
Qg8 28. Nf4 Qb8 29. Qf2 Rg8 30. Nxe6 fxe6 31. Rf7 Rg7 32. Rxg7 Rxg7 33. Qf6 Qg8
34. a4 a5 35. Kb1 Rh7 36. e5 Qe8 37. Rf4 Kc7 38. b3 b5 39. Kb2 Kb6 40. Ka2 Rh2
41. Kb2 Re2 42. d4 cxd4 43. Rxd4 Qb8 44. Rd6 bxa4 45. Qf3 a3+ 46. Kc3 Qb7 47.
Qxe2 Kc7 48. Qc4 1-0

[Event "Bundesliga 9798"]
[Site "Deutschland"]
[Date "1998.??.??"]
[Round "?.5"]
[White "Bosch, Jeroen"]
[Black "Mueller, Matthias"]
[Result "1/2-1/2"]
[WhiteElo "2405"]
[BlackElo "2400"]
[PlyCount "119"]
[EventDate "1997.10.??"]
[EventType "team"]
[EventRounds "15"]
[EventCountry "GER"]
[SourceTitle "Bundesliga 9798"]
[Source "DeepChess"]
[SourceDate "2005.01.01"]
[SourceVersion "1"]
[SourceVersionDate "2005.01.01"]
[SourceQuality "1"]
[WhiteTeam "SG Bochum 31"]
[BlackTeam "SV Erfurt West 90"]
[WhiteTeamCountry "GER"]
[BlackTeamCountry "GER"]

1. e4 e5 2. Nf3 Nc6 3. Nc3 Nf6 4. Bb5 Bb4 5. O-O O-O 6. d3 Bxc3 7. bxc3 d6 8.
Re1 h6 9. d4 Bd7 10. Rb1 a6 11. Bf1 Rb8 12. g3 Re8 13. d5 Ne7 14. Nh4 c6 15. c4
cxd5 16. cxd5 Ba4 17. Qd2 Qc7 18. c4 Nd7 19. Bb2 Nc5 20. Rbc1 Bd7 21. f4 f6 22.
Bg2 Nc8 23. fxe5 dxe5 24. Qe3 Nd6 25. Rf1 Rbc8 26. Rf2 Na4 27. c5 Nxc5 28. Ba3
b6 29. g4 Nb5 30. Bxc5 bxc5 31. Nf5 Bxf5 32. gxf5 c4 33. Bf1 Nd6 34. Rfc2 Qc5
35. Qxc5 Rxc5 36. Bxc4 Rec8 37. Bd3 Rxc2 38. Rxc2 Rxc2 39. Bxc2 Kf8 40. Kf2 Ke7
41. Ke3 Kd7 42. Kd3 Kc7 43. Kc3 Kb6 44. Kb4 a5+ 45. Kc3 Kc5 46. a4 Nf7 47. h4
Nd6 48. Bd3 Nc8 49. Bc2 Ne7 50. h5 Nc8 51. Bb1 Nb6 52. Bc2 Nc4 53. Bd3 Nd6 54.
Bc2 Nf7 55. Bd3 Ng5 56. Bc2 Nh3 57. Bd1 Ng5 58. Bc2 Nf3 59. Bd1 Ng5 60. Bc2
1/2-1/2

[Event "Bundesliga 9798"]
[Site "Deutschland"]
[Date "1998.??.??"]
[Round "?.6"]
[White "Renner, Christoph"]
[Black "Ellers, Holger"]
[Result "0-1"]
[WhiteElo "2415"]
[BlackElo "2405"]
[PlyCount "142"]
[EventDate "1997.10.??"]
[EventType "team"]
[EventRounds "15"]
[EventCountry "GER"]
[SourceTitle "Bundesliga 9798"]
[Source "DeepChess"]
[SourceDate "2005.01.01"]
[SourceVersion "1"]
[SourceVersionDate "2005.01.01"]
[SourceQuality "1"]
[WhiteTeam "SV Erfurt West 90"]
[BlackTeam "SG Bochum 31"]
[WhiteTeamCountry "GER"]
[BlackTeamCountry "GER"]

1. e4 e6 2. d3 d5 3. Nd2 Nf6 4. Ngf3 g6 5. Be2 Bg7 6. c3 O-O 7. O-O b6 8. e5
Nfd7 9. d4 c5 10. Re1 Nc6 11. Nf1 cxd4 12. cxd4 f6 13. exf6 Qxf6 14. Bg5 Qf7
15. Bh4 h6 16. Ne3 Bb7 17. Bb5 e5 18. Bxc6 Bxc6 19. dxe5 Nxe5 20. Nxe5 Bxe5 21.
Ng4 Bg7 22. Rc1 Bd7 23. Re7 Bxg4 24. Qxg4 Qf5 25. Qxf5 Rxf5 26. b3 Re5 27. f4
Rxe7 28. Bxe7 Bd4+ 29. Kf1 Be3 30. Rc6 Bxf4 31. Rxg6+ Kf7 32. Rf6+ Kxe7 33.
Rxf4 Rc8 34. Ra4 a5 35. Ke2 Rc2+ 36. Kf3 Kd6 37. Rh4 Rxa2 38. Rxh6+ Kc5 39. g4
Ra3 40. Kf4 Rxb3 41. g5 a4 42. g6 Rb1 43. Rh3 Rg1 44. Rg3 Rxg3 45. hxg3 a3 46.
g7 a2 47. g8=Q a1=Q 48. Qc8+ Kb4 49. g4 Qd4+ 50. Kf5 Qe4+ 51. Kf6 Qf4+ 52. Qf5
Qd6+ 53. Kf7 d4 54. Qb1+ Kc5 55. Qc2+ Kb5 56. Qd3+ Kc6 57. Qf3+ Kc7 58. g5 d3
59. g6 d2 60. Qc3+ Kb7 61. Qf3+ Ka7 62. Qd1 Qf4+ 63. Kg8 Qc4+ 64. Kh7 Qh4+ 65.
Kg8 Qe1 66. Qa4+ Kb8 67. Qf4+ Kc8 68. Qc4+ Kd7 69. Qd5+ Ke7 70. Qb7+ Kf6 71.
Qxb6+ Qe6+ 0-1

[Event "Bundesliga 9798"]
[Site "Deutschland"]
[Date "1998.??.??"]
[Round "?.7"]
[White "Ankerst, Mihael"]
[Black "Troyke, Christian"]
[Result "0-1"]
[WhiteElo "2350"]
[BlackElo "2400"]
[PlyCount "60"]
[EventDate "1997.10.??"]
[EventType "team"]
[EventRounds "15"]
[EventCountry "GER"]
[SourceTitle "Bundesliga 9798"]
[Source "DeepChess"]
[SourceDate "2005.01.01"]
[SourceVersion "1"]
[SourceVersionDate "2005.01.01"]
[SourceQuality "1"]
[WhiteTeam "SG Bochum 31"]
[BlackTeam "SV Erfurt West 90"]
[WhiteTeamCountry "GER"]
[BlackTeamCountry "GER"]

1. e4 c5 2. Nf3 Nc6 3. d4 cxd4 4. Nxd4 g6 5. Nc3 Bg7 6. Be3 Nf6 7. Bc4 Qa5 8.
O-O O-O 9. Nb3 Qc7 10. f4 d6 11. Be2 b6 12. Bf3 Bb7 13. Rf2 Nd7 14. Nd5 Qd8 15.
Rb1 Nc5 16. Nd4 e6 17. Nc3 Qe7 18. Rd2 Rad8 19. Ndb5 d5 20. e5 g5 21. g3 f6 22.
exf6 Qxf6 23. Ne2 Ne5 24. Bg2 Nc4 25. Bd4 Qe7 26. Bxg7 Qxg7 27. Rd4 Ne3 28. Qd2
Nxg2 29. Kxg2 Ne4 30. Qd3 gxf4 0-1

[Event "Bundesliga 9798"]
[Site "Deutschland"]
[Date "1998.??.??"]
[Round "?.8"]
[White "Fuhrmann, Daniel"]
[Black "Buenermann, Volker"]
[Result "0-1"]
[WhiteElo "2295"]
[BlackElo "2320"]
[PlyCount "68"]
[EventDate "1997.10.??"]
[EventType "team"]
[EventRounds "15"]
[EventCountry "GER"]
[SourceTitle "Bundesliga 9798"]
[Source "DeepChess"]
[SourceDate "2005.01.01"]
[SourceVersion "1"]
[SourceVersionDate "2005.01.01"]
[SourceQuality "1"]
[WhiteTeam "SV Erfurt West 90"]
[BlackTeam "SG Bochum 31"]
[WhiteTeamCountry "GER"]
[BlackTeamCountry "GER"]

1. d4 Nf6 2. c4 g6 3. Nc3 Bg7 4. e4 d6 5. f3 O-O 6. Be3 Nbd7 7. Nge2 c5 8. d5
Ne5 9. Ng3 e6 10. Be2 exd5 11. cxd5 h5 12. O-O Nh7 13. Qd2 h4 14. Nh1 g5 15.
Nf2 Bd7 16. a4 Qf6 17. f4 gxf4 18. Bxf4 Qg6 19. Nd3 h3 20. Bf3 Rae8 21. Rae1
Kh8 22. Kh1 Rg8 23. Nxe5 Bxe5 24. g3 Ng5 25. Bd1 Re7 26. Bxe5+ Rxe5 27. Rf4
Rge8 28. Ref1 Nxe4 29. Rh4+ Kg7 30. Nxe4 Rxe4 31. Bc2 Re1 32. Rxe1 Rxe1+ 33.
Qxe1 Qxc2 34. Rf4 Qg2# 0-1

[Event "Bundesliga 9798"]
[Site "Deutschland"]
[Date "1998.??.??"]
[Round "?.2"]
[White "Dydyshko, Viacheslav"]
[Black "Reschke, Stefan"]
[Result "1-0"]
[WhiteElo "2490"]
[BlackElo "2415"]
[PlyCount "87"]
[EventDate "1997.10.??"]
[EventType "team"]
[EventRounds "15"]
[EventCountry "GER"]
[SourceTitle "Bundesliga 9798"]
[Source "DeepChess"]
[SourceDate "2005.01.01"]
[SourceVersion "1"]
[SourceVersionDate "2005.01.01"]
[SourceQuality "1"]
[WhiteTeam "SVG Plettenberg"]
[BlackTeam "SG Bochum 31"]
[WhiteTeamCountry "GER"]
[BlackTeamCountry "GER"]

1. d4 Nf6 2. c4 g6 3. Nc3 Bg7 4. e4 d6 5. Nf3 O-O 6. Be2 e5 7. d5 a5 8. Nd2 c6
9. h4 Bd7 10. h5 a4 11. g4 Qa5 12. g5 Ne8 13. Nf1 cxd5 14. cxd5 a3 15. Bd2 axb2
16. Rb1 Ba4 17. Nxa4 Qxa4 18. f3 Qxd1+ 19. Kxd1 Rxa2 20. Ne3 f6 21. h6 Bh8 22.
Bc4 Ra7 23. Ke2 fxg5 24. Rxb2 Bf6 25. Rhb1 Rf7 26. Bb5 Nc7 27. Bd3 Ne8 28. Nc4
Bd8 29. Be3 Ra8 30. Rxb7 Nd7 31. R1b2 Ra1 32. Rb1 Ra2+ 33. R7b2 Ra8 34. Nd2 Kf8
35. Bb5 Rb8 36. Bc6 Rxb2 37. Rxb2 g4 38. fxg4 Nef6 39. Rb7 Nc5 40. Rb8 Ke7 41.
Bxc5 dxc5 42. g5 Nh5 43. Nc4 Ng3+ 44. Ke3 1-0

[Event "Bundesliga 9798"]
[Site "Deutschland"]
[Date "1998.??.??"]
[Round "?.3"]
[White "Schmittdiel, Eckhard"]
[Black "Danner, Georg"]
[Result "1-0"]
[WhiteElo "2450"]
[BlackElo "2415"]
[PlyCount "49"]
[EventDate "1997.10.??"]
[EventType "team"]
[EventRounds "15"]
[EventCountry "GER"]
[SourceTitle "Bundesliga 9798"]
[Source "DeepChess"]
[SourceDate "2005.01.01"]
[SourceVersion "1"]
[SourceVersionDate "2005.01.01"]
[SourceQuality "1"]
[WhiteTeam "SG Bochum 31"]
[BlackTeam "SVG Plettenberg"]
[WhiteTeamCountry "GER"]
[BlackTeamCountry "GER"]

1. e4 c5 2. c3 d5 3. exd5 Qxd5 4. d4 Nf6 5. Nf3 e6 6. Na3 a6 7. Nc4 Nbd7 8. Be2
Be7 9. O-O O-O 10. Nfe5 cxd4 11. Bf3 Qc5 12. cxd4 Qc7 13. Qb3 Nxe5 14. dxe5 Nd7
15. Bf4 Rd8 16. Rac1 Nc5 17. Qb6 Qxb6 18. Nxb6 Rb8 19. Rfd1 Rxd1+ 20. Rxd1 a5
21. Be3 Kf8 22. Be2 f6 23. exf6 gxf6 24. Rc1 Nd7 25. Nxc8 1-0

[Event "Bundesliga 9798"]
[Site "Deutschland"]
[Date "1998.??.??"]
[Round "?.5"]
[White "Backwinkel, Paul"]
[Black "Luecke, Norbert"]
[Result "1/2-1/2"]
[WhiteElo "2395"]
[BlackElo "2375"]
[PlyCount "33"]
[EventDate "1997.10.??"]
[EventType "team"]
[EventRounds "15"]
[EventCountry "GER"]
[SourceTitle "Bundesliga 9798"]
[Source "DeepChess"]
[SourceDate "2005.01.01"]
[SourceVersion "1"]
[SourceVersionDate "2005.01.01"]
[SourceQuality "1"]
[WhiteTeam "SG Bochum 31"]
[BlackTeam "SVG Plettenberg"]
[WhiteTeamCountry "GER"]
[BlackTeamCountry "GER"]

1. d4 Nf6 2. Nf3 g6 3. Bg5 d5 4. Nbd2 Bg7 5. e3 O-O 6. Be2 Nbd7 7. h3 Re8 8.
Bf4 b6 9. O-O Bb7 10. Ne5 a6 11. c4 c5 12. dxc5 Nxc5 13. Ndf3 Nfe4 14. Bh2 e6
15. Rc1 dxc4 16. Nxc4 b5 17. Nd6 1/2-1/2

[Event "Bundesliga 9798"]
[Site "Deutschland"]
[Date "1998.??.??"]
[Round "?.6"]
[White "Schroll, Gerhard"]
[Black "Buenermann, Volker"]
[Result "1/2-1/2"]
[WhiteElo "2405"]
[BlackElo "2320"]
[PlyCount "56"]
[EventDate "1997.10.??"]
[EventType "team"]
[EventRounds "15"]
[EventCountry "GER"]
[SourceTitle "Bundesliga 9798"]
[Source "DeepChess"]
[SourceDate "2005.01.01"]
[SourceVersion "1"]
[SourceVersionDate "2005.01.01"]
[SourceQuality "1"]
[WhiteTeam "SVG Plettenberg"]
[BlackTeam "SG Bochum 31"]
[WhiteTeamCountry "GER"]
[BlackTeamCountry "GER"]

1. d4 Nf6 2. c4 g6 3. Nc3 Bg7 4. Nf3 O-O 5. g3 d6 6. Bg2 Nbd7 7. O-O e5 8. e4
c6 9. Qc2 Re8 10. Rd1 Qe7 11. h3 h6 12. Be3 exd4 13. Nxd4 Nc5 14. f3 d5 15.
cxd5 cxd5 16. Ndb5 dxe4 17. Nd5 Nxd5 18. Bxc5 Qe5 19. Qxe4 Be6 20. Qxe5 Bxe5
21. f4 Bxb2 22. Bxd5 Bxa1 23. Bxe6 Rxe6 24. Nc7 Rc6 25. Nxa8 Rxc5 26. Rxa1 Rc8
27. Rb1 b6 28. Nxb6 axb6 1/2-1/2

[Event "Bundesliga 9798"]
[Site "Deutschland"]
[Date "1998.??.??"]
[Round "?.7"]
[White "Kitte, Sebastian"]
[Black "Thiel, Thomas"]
[Result "1/2-1/2"]
[WhiteElo "2305"]
[BlackElo "2345"]
[PlyCount "164"]
[EventDate "1997.10.??"]
[EventType "team"]
[EventRounds "15"]
[EventCountry "GER"]
[SourceTitle "Bundesliga 9798"]
[Source "DeepChess"]
[SourceDate "2005.01.01"]
[SourceVersion "1"]
[SourceVersionDate "2005.01.01"]
[SourceQuality "1"]
[WhiteTeam "SG Bochum 31"]
[BlackTeam "SVG Plettenberg"]
[WhiteTeamCountry "GER"]
[BlackTeamCountry "GER"]

1. d4 Nf6 2. c4 g6 3. Nc3 d5 4. cxd5 Nxd5 5. Bd2 Bg7 6. e4 Nb6 7. Be3 O-O 8.
Be2 c6 9. Qd2 Be6 10. Nf3 Bg4 11. b3 N8d7 12. Ng1 Bxe2 13. Ngxe2 e5 14. Rd1 Qe7
15. O-O exd4 16. Bxd4 Ne5 17. Qe3 Ng4 18. Qg3 Nf6 19. Qg5 Rfe8 20. f3 Nbd7 21.
Rd2 h5 22. Rfd1 Kh7 23. Be3 Nf8 24. Qh4 Ne6 25. Qf2 a5 26. e5 Ng8 27. Rd7 Qf8
28. f4 Nh6 29. h3 Qb4 30. g3 Kg8 31. Qf3 Nf5 32. Bf2 Rad8 33. g4 Rxd7 34. Rxd7
hxg4 35. hxg4 Nf8 36. Rd1 Ne7 37. Ne4 Nd5 38. Bc5 Qb5 39. Nd4 Qa6 40. Nd6 Rb8
41. Re1 a4 42. bxa4 Qa5 43. Rc1 Qd2 44. Rf1 Nd7 45. Nb3 Qxa2 46. Nxf7 Nxc5 47.
Nxc5 Rf8 48. Ng5 Nxf4 49. Qb3+ Qxb3 50. Nxb3 Bxe5 51. Rd1 Nd5 52. Re1 Bf4 53.
Ne4 Be3+ 54. Kg2 Rf4 55. Nc3 Nxc3 56. Rxe3 Nd5 57. Re8+ Kf7 58. Rb8 Rxg4+ 59.
Kf3 Rb4 60. Nc5 b6 61. Nd3 Rb3 62. Ke4 Kf6 63. a5 Nc3+ 64. Ke3 Nd5+ 65. Ke4 b5
66. Rc8 Nb4 67. Nc5 Ra3 68. a6 Kg5 69. Rc7 Nxa6 70. Ne6+ Kg4 71. Rxc6 b4 72.
Nd4 g5 73. Ne6 b3 74. Rb6 Ra4+ 75. Nd4 Nc5+ 76. Kd5 Ra5 77. Kc4 Ne4 78. Kxb3
Re5 79. Kc4 Nd2+ 80. Kd3 Nf3 81. Ne6 Rd5+ 82. Kc3 Re5 1/2-1/2